03527cam a22012374i 4500003000900000005001700009008004100026020001800067035002700085040003300112049000900145082002100154100003100175245005900206264003200265300003800297336002100335337002500356338002300381504002800404505053100432526000900963526000900972526000900981526000900990526000900999526000901008526000901017526000901026526000901035526000901044526000901053526000901062526000901071526000901080526000901089526000901098526000901107526000901116526000901125526000901134526000901143526000901152526000901161526000901170526000901179526000901188526000901197526000901206526000901215526000901224526000901233526000901242526000901251526000901260526000901269526000901278526000901287526000801296526000801304526000801312526000801320526000801328526000801336526000801344526000801352526000801360526000801368526000801376526000801384526000801392526000801400526000801408526000801416526000801424526000801432526000801440526000801448526000801456526000801464526000801472526000801480526000801488526000801496526000801504526000801512526000801520526000801528526000801536526000801544526000801552526000801560526000801568541001701576650004001593650002701633650004201660910002501702942001401727949011701741994001401858596000601872999017301878980005502051952018302106PE-LiUPU20250813185609.0150706s2007    mx      rb    000 0 spa d  a9786071700584  a(Sirsi) i9786071700584  aPE-LiUPUbspacPE-LiUPUerda  aPRUA04a370.114bE862211 aEsper, Maricarmen,eautor.10aCómo educar en valores éticos /cMaricarmen Esper. 1aMéxico :bTrillas,c2007.  a244 páginas ;c23 centímetros  atext2rdacontent  aunmediated2rdamedia  avolume2rdacarrier  aIncluye bibliografía.0 a¿Por qué leer este libro? --  La educación que requiere el mundo actual --  Áreas de la ciencia y el conocimiento que se relacionan con los valores éticos --  El maestro, protagonista de nuestro tiempo --  Diseño y planeación de las materias --  Manual para educar en valores éticos a través de las distintas materias o disciplinas académicas --  Diez factores que debemos considerar para lograr mayor efectividad en la formación de valores a través de la docencia --  La docencia y mi proyecto de vida.  aP202  aP201  aP163  aP162  aP161  aP160  aP148  aP147  aP146  aP145  aP144  aP143  aP142  aP141  aP140  aP139  aP138  aP137  aP136  aP135  aP134  aP133  aP129  aP128  aP127  aP120  aP119  aP118  aP116  aP115  aP114  aP110  aP109  aP108  aP104  aP103  aP102  aP99  aP98  aP97  aP96  aP95  aP93  aP90  aP89  aP88  aP83  aP82  aP62  aP59  aP58  aP57  aP51  aP49  aP48  aP47  aP29  aP24  aP20  aP19  aP17  aP15  aP14  aP12  aP10  aP09  aP08  aP07  aP06  aP05  aP04  aP01  g030-0010720;04aEducaciónxEstudio y enseñanza.04aValores (Filosofía).04aÉticaxEstudio y enseñanza.95801  aglbjvcngd20111209  2ddccBOOK  a370.114 E86wDEWEYc1i64180lCCODEBUL1mBULp17.00r0sYtBOOKu2015-7-6xFCEPP04o.STAFF. Colección General  aC0bPEPRU  a1  a370.114 E86wDEWEYc53008i64180d53008e2018-4-17f2021-11-8g6lCCODEBUL1mBULn1p17.00q5r0sYtBOOKu2015-7-6xEDUCACIONPP040COMPRAo.STAFF. Colección General  81gALBERTO SANCHEZ Responsable de Automatización  r2025-12-02 00:00:00i7l5o370.114 E86p64180s2022-12-07te1v22.00w2015-07-06xFCEyBKzinventario-2023-12-13102ddc50708GENfP04aBULbBULcGENd2015-07-06eCOMPRAg17.00